[Event "CFriend SL-2005-0-00035 email"]
[Site "Chessfriend.com"]
[Date "2005.08.10"]
[Round "1"]
[White "Alperin, Michael"]
[Black "Bomfim, Allan Rodrigo"]
[Result "1-0"]
[WhiteElo "1333"]
[BlackElo "1056"]
[PlyCount "37"]
[EventDate "2005.??.??"]
[EventType "tourn (corr)"]
[EventRounds "12"]
[SourceTitle "Corr 2008"]
[Source "ChessBase"]
[SourceDate "2008.06.24"]
[SourceVersion "1"]
[SourceVersionDate "2008.06.24"]
[SourceQuality "1"]

1. d4 e6 2. c4 f5 3. g3 Nf6 4. Bg2 Be7 5. b3 0-0 6. Ba3 d5 7. Nf3 c6 8. Bxe7 Qxe7 9. 0-0 Nbd7 10. Qc2 Ne4 11. Nbd2 g5 12. e3 h5 13. cxd5 cxd5 14. Rac1 g4 15. Ne1 Ndf6 16. Nd3 Bd7 17. Nxe4 fxe4 18. Ne5 Kg7 19. Qc5 1-0

[Event "CFriend SL-2005-0-00035 email"]
[Site "Chessfriend.com"]
[Date "2005.08.10"]
[Round "1"]
[White "Bomfim, Allan Rodrigo"]
[Black "Ghisi, Stefano"]
[Result "0-1"]
[WhiteElo "1056"]
[BlackElo "1525"]
[PlyCount "44"]
[EventDate "2005.??.??"]
[EventType "tourn (corr)"]
[EventRounds "12"]
[SourceTitle "Corr 2008"]
[Source "ChessBase"]
[SourceDate "2008.06.24"]
[SourceVersion "1"]
[SourceVersionDate "2008.06.24"]
[SourceQuality "1"]

1. e4 e5 2. Nc3 Nf6 3. Bc4 Bc5 4. Nf3 d6 5. h3 c6 6. 0-0 0-0 7. d3 b5 8. Bb3 Nbd7 9. a4 b4 10. Ne2 Ba6 11. Be3 Bxe3 12. fxe3 Nc5 13. Ng3 Qd7 14. Qd2 Bxd3 15. Rfd1 a5 16. Ba2 Nfxe4 17. Nxe4 Bxe4 18. Nxe5 dxe5 19. Qxd7 Nxd7 20. Rxd7 Bxc2 21. b3 Rfd8 22. Rc7 Be4 0-1

[Event "CFriend SL-2005-0-00035 email"]
[Site "Chessfriend.com"]
[Date "2005.08.10"]
[Round "1"]
[White "Bomfim, Allan Rodrigo"]
[Black "McNally, Tony"]
[Result "1-0"]
[WhiteElo "1056"]
[BlackElo "1104"]
[PlyCount "40"]
[EventDate "2005.??.??"]
[EventType "tourn (corr)"]
[EventRounds "12"]
[SourceTitle "Corr 2008"]
[Source "ChessBase"]
[SourceDate "2008.06.24"]
[SourceVersion "1"]
[SourceVersionDate "2008.06.24"]
[SourceQuality "1"]

1. e4 c5 2. b4 b6 3. bxc5 bxc5 4. Nf3 d6 5. Bc4 Nf6 6. Nc3 a6 7. 0-0 Nxe4 8. Nxe4 d5 9. Bxd5 Qxd5 10. Re1 e6 11. Bb2 Nd7 12. d3 Rb8 13. c4 Qh5 14. Rb1 Qh6 15. Qa4 Rb4 16. Qc6 Bb7 17. Qc7 Be7 18. Bxg7 Qxg7 19. Rxb4 Bxe4 20. Rb8+ Nxb8 1-0

[Event "CFriend SL-2005-0-00035 email"]
[Site "Chessfriend.com"]
[Date "2005.08.10"]
[Round "1"]
[White "Krabbenbos, Jan"]
[Black "Bomfim, Allan Rodrigo"]
[Result "1-0"]
[WhiteElo "1468"]
[BlackElo "1056"]
[PlyCount "29"]
[EventDate "2005.??.??"]
[EventType "tourn (corr)"]
[EventRounds "12"]
[SourceTitle "Corr 2024"]
[Source "ChessBase"]
[SourceDate "2023.10.19"]
[SourceVersion "1"]
[SourceVersionDate "2023.10.19"]
[SourceQuality "1"]

1. Nc3 e6 2. e4 d5 3. exd5 exd5 4. Nf3 Nf6 5. Bb5+ c6 6. Ba4 Bd6 7. Qe2+ Qe7 8. Qxe7+ Bxe7 9. 0-0 0-0 10. d3 Bg4 11. Ne5 Bh5 12. d4 Nbd7 13. Nxd7 Nxd7 14. Nxd5 cxd5 15. Bxd7 1-0

[Event "CFriend SL-2005-0-00035 email"]
[Site "Chessfriend.com"]
[Date "2005.08.10"]
[Round "1"]
[White "Weiss, Frederic J Marie"]
[Black "Bomfim, Allan Rodrigo"]
[Result "1-0"]
[WhiteElo "1461"]
[BlackElo "1056"]
[PlyCount "37"]
[EventDate "2005.??.??"]
[EventType "tourn (corr)"]
[EventRounds "12"]
[SourceTitle "Corr 2008"]
[Source "ChessBase"]
[SourceDate "2008.06.24"]
[SourceVersion "1"]
[SourceVersionDate "2008.06.24"]
[SourceQuality "1"]

1. Nf3 e6 2. e4 d5 3. exd5 exd5 4. d4 Nf6 5. Bd3 Bd6 6. 0-0 0-0 7. Bg5 Bg4 8. Nbd2 Nbd7 9. c3 c6 10. Qc2 Qc7 11. Rfe1 Rfe8 12. Bh4 h6 13. Bg3 b6 14. Bxd6 Qxd6 15. Bf5 c5 16. Bxg4 Nxg4 17. Qa4 a5 18. dxc5 Rxe1+ 19. Rxe1 1-0

[Event "IECG CP.2002.P.00068 email"]
[Site "IECG email"]
[Date "2002.10.01"]
[Round "?"]
[White "Clews, Bill"]
[Black "Bomfim, Allan Rodrigo"]
[Result "0-1"]
[WhiteElo "1404"]
[BlackElo "1220"]
[PlyCount "23"]
[EventDate "2002.10.01"]
[EventType "tourn (corr)"]
[EventRounds "6"]
[EventCountry "ITA"]
[SourceTitle "Corr 2024"]
[Source "ChessBase"]
[SourceDate "2023.10.19"]
[SourceVersion "1"]
[SourceVersionDate "2023.10.19"]
[SourceQuality "1"]

1. d4 Nf6 2. c4 e5 3. dxe5 Ng4 4. e6 fxe6 5. e4 Ne5 6. Qh5+ Nf7 7. Be2 g6 8. Qf3 Bg7 9. Nc3 0-0 10. Bd2 Nc6 11. Rd1 b6 12. Bc1 0-1

[Event "IECG RF.2002.0.00005"]
[Site "IECG email"]
[Date "2002.05.15"]
[Round "?"]
[White "Bomfim, Allan Rodrigo"]
[Black "Lynch, Seth"]
[Result "1/2-1/2"]
[WhiteElo "800"]
[BlackElo "948"]
[PlyCount "110"]
[EventDate "2002.05.15"]
[EventType "tourn (corr)"]
[EventRounds "6"]
[SourceTitle "Corr 2008"]
[Source "ChessBase"]
[SourceDate "2008.06.24"]
[SourceVersion "1"]
[SourceVersionDate "2008.06.24"]
[SourceQuality "1"]

1. e4 e5 2. Nc3 Nf6 3. Bc4 Nc6 4. Nf3 Nxe4 5. Nxe4 d5 6. Bxd5 Qxd5 7. Nc3 Qd8 8. 0-0 Bg4 9. Re1 Bxf3 10. Qxf3 Bd6 11. d3 Nd4 12. Qg3 Nxc2 13. Qxg7 Rf8 14. Rxe5+ Bxe5 15. Qxe5+ Qe7 16. Qxe7+ Kxe7 17. Rb1 Nd4 18. Bf4 Ne6 19. Re1 Kd7 20. Bg3 f5 21. f3 f4 22. Bh4 Rae8 23. Nd5 Ng7 24. Re4 Rxe4 25. dxe4 c6 26. Nf6+ Kc7 27. Ng4 Ne6 28. Kf1 b6 29. Ke2 c5 30. Nf6 Nd4+ 31. Kd3 Kc6 32. Nd5 Nf5 33. Bg5 Rg8 34. Bxf4 Rxg2 35. Be5 Nd4 36. Bxd4 cxd4 37. Kxd4 Rxh2 38. b3 Rd2+ 39. Ke5 h5 40. Ne7+ Kd7 41. Ng6 Rxa2 42. f4 Ra5+ 43. Kf6 Rb5 44. e5 Rxb3 45. Kf7 Rc3 46. e6+ Kd6 47. e7 Rc7 48. Kf8 Rxe7 49. Nxe7 h4 50. Nf5+ Ke6 51. Nxh4 Kf6 52. Nf3 Kf5 53. Ke7 Kxf4 54. Nd4 Ke4 55. Nb5 a5 1/2-1/2

[Event "IECG RF.2002.0.00005"]
[Site "IECG email"]
[Date "2002.05.15"]
[Round "?"]
[White "Veldhouse, Thomas"]
[Black "Bomfim, Allan Rodrigo"]
[Result "0-1"]
[WhiteElo "1100"]
[BlackElo "800"]
[PlyCount "56"]
[EventDate "2002.05.15"]
[EventType "tourn (corr)"]
[EventRounds "6"]
[SourceTitle "Corr 2008"]
[Source "ChessBase"]
[SourceDate "2008.06.24"]
[SourceVersion "1"]
[SourceVersionDate "2008.06.24"]
[SourceQuality "1"]

1. e4 e6 2. d4 d5 3. Nc3 Nf6 4. e5 Nfd7 5. f4 c5 6. Nf3 Nc6 7. Be3 Qb6 8. Na4 Qa5+ 9. c3 cxd4 10. b4 Qc7 11. Nxd4 Nxd4 12. Bxd4 Be7 13. Be2 0-0 14. 0-0 f6 15. exf6 Bxf6 16. Bg4 Bxd4+ 17. cxd4 Nf6 18. f5 Nxg4 19. Qxg4 exf5 20. Qf3 Qc4 21. Rfd1 Bd7 22. Nc5 Bc6 23. a3 Rae8 24. Rac1 Qa2 25. Qf2 Re2 26. Qf3 Rfe8 27. Rf1 g6 28. Nd3 R8e3 0-1

[Event "IECC TH-M email"]
[Site "IECC email"]
[Date "2002.03.06"]
[Round "?"]
[White "Bomfim, Allan Rodrigo"]
[Black "Taffijn, Aadrian"]
[Result "0-1"]
[WhiteElo "1513"]
[BlackElo "1702"]
[PlyCount "64"]
[EventDate "2002.??.??"]
[EventType "match (corr)"]
[EventRounds "2"]
[SourceTitle "Corr 2008"]
[Source "ChessBase"]
[SourceDate "2008.06.24"]
[SourceVersion "1"]
[SourceVersionDate "2008.06.24"]
[SourceQuality "1"]

1. e4 e6 2. d4 d5 3. Nc3 Nf6 4. Bg5 Be7 5. e5 Nfd7 6. Bxe7 Qxe7 7. Nf3 0-0 8. Bd3 c5 9. 0-0 Nc6 10. dxc5 Nxc5 11. Nb5 Nxd3 12. Qxd3 b6 13. Rfe1 Ba6 14. a4 Rfc8 15. Qd2 Bxb5 16. axb5 Na5 17. b3 a6 18. bxa6 Rxa6 19. Nd4 Raa8 20. h3 Nb7 21. b4 Qc7 22. f4 Qc4 23. Rxa8 Rxa8 24. c3 Nd8 25. g4 Ra2 26. Qe3 Nc6 27. f5 Ra3 28. Nxc6 Qxc6 29. Rc1 Qc7 30. f6 gxf6 31. exf6 Kh8 32. Qe1 Ra2 0-1

[Event "IECG RN.2002.0.00011"]
[Site "IECG email"]
[Date "2002.01.09"]
[Round "?"]
[White "Bomfim, Allan Rodrigo"]
[Black "Fernandez, Paco"]
[Result "1-0"]
[WhiteElo "800"]
[BlackElo "830"]
[PlyCount "42"]
[EventDate "2002.01.09"]
[EventType "tourn (corr)"]
[EventRounds "6"]
[SourceTitle "Corr 2008"]
[Source "ChessBase"]
[SourceDate "2008.06.24"]
[SourceVersion "1"]
[SourceVersionDate "2008.06.24"]
[SourceQuality "1"]

1. e4 e5 2. Nc3 Nf6 3. Bc4 Bc5 4. d3 h6 5. Nf3 Nc6 6. Be3 Bxe3 7. fxe3 d6 8. 0-0 Na5 9. Bb3 Nxb3 10. cxb3 0-0 11. d4 Re8 12. dxe5 Ng4 13. exd6 Nxe3 14. dxc7 Qxc7 15. Nd5 Nxd5 16. exd5 Qd6 17. Qd4 Bf5 18. Rfe1 b6 19. Re5 Rxe5 20. Qxe5 Qxe5 21. Nxe5 Rd8 1-0